| 000 | 00717nam a2200169 a 4500 | ||
|---|---|---|---|
| 008 | 080225s1999 ||||||||||||||||| || u | ||
| 050 | _aIBRD-CGIAR(058)FR/1998 | ||
| 110 | _aWorld Bank | ||
| 245 | 1 | 0 | _aConsultative Group on International Agricultural Research financial report 1998 |
| 260 |
_aWashington, D. C. _bWorld Bank _c1999 |
||
| 300 | _aiv, 31p. :ill. | ||
| 350 | _a0.00 | ||
| 650 | 0 | _aACCOUNTING--HANDBOOKS, MANUALS, ETC | |
| 650 | _aFINANCIAL REPORTING | ||
| 710 | _aConsultative Group on International Agricultural Research (CGIAR) | ||
| 995 |
_D0.00 _FCBU-MAIN LIBRARY (Kitwe) _H1 _I0.00 _M1 _UAVAILABLE _WFeb 25, 2008 _ZInternational Publications |
||
| 999 |
_c38575 _d38575 |
||